Manual of Firearms with Practical Approach / (Record no. 592427)
[ view plain ]
| 000 -LEADER | |
|---|---|
| fixed length control field | 00345nam a22001217a 4500 |
| 082 ## - DEWEY DECIMAL CLASSIFICATION NUMBER | |
| Classification number | 344 |
| Author Mark | ALI |
| 100 ## - MAIN ENTRY--PERSONAL NAME | |
| Personal name | Ali, Wajahat |
| 245 ## - TITLE STATEMENT | |
| Title | Manual of Firearms with Practical Approach / |
| Statement of responsibility, etc. | Wajahat Ali and Iram Shahzadi |
| 260 ## - PUBLICATION, DISTRIBUTION, ETC. | |
| Place of publication, distribution, etc. | Lahore : |
| Name of publisher, distributor, etc. | Irfan Law Book House, |
| Date of publication, distribution, etc. | 2020. |
| 300 ## - PHYSICAL DESCRIPTION | |
| Extent | 599 p. ; |
| Dimensions | 24 cm. |
| 563 ## - BINDING INFORMATION | |
| Binding note | HBK. |
| 942 ## - ADDED ENTRY ELEMENTS (KOHA) | |
| Source of classification or shelving scheme | |
| Koha item type | Book |
| Withdrawn status | Lost status | Source of classification or shelving scheme | Damaged status | Not for loan | Permanent Location | Current Location | Shelving location | Date acquired | Source of acquisition | Full call number | Barcode | Date last seen | Price effective from | Koha item type |
|---|---|---|---|---|---|---|---|---|---|---|---|---|---|---|
| NUST Law School (NLS) | NUST Law School (NLS) | Law | 11/20/2022 | Golden Books | 344 ALI | CL-1358 | 11/20/2022 | 11/20/2022 | Book | |||||
| NUST Law School (NLS) | NUST Law School (NLS) | Law | 11/20/2022 | Golden Books | 344 ALI | CL-1359 | 11/20/2022 | 11/20/2022 | Book | |||||
| NUST Law School (NLS) | NUST Law School (NLS) | Law | 11/20/2022 | Golden Books | 344 ALI | CL-1360 | 11/20/2022 | 11/20/2022 | Book |
